00544nam a2200181 a 4500008004100000020002200041100002300063245007400086260004100160300002900201500002000230504004100250650002500291700001900316003000100335005001700336040000900353  a063203792X (pbk.)1 aWalker, Matthew R.10aRoute maps in gene technology /cMatthew R. Walker with Ralph Rapley. aOxford :bBlackwell Science ,c1997. a334 p. :bill. ;c28 cm. aIncludes index. aIncludes bibliographical references. 0aGenetic engineering.1 aRapley, Ralph.20230123133939.0 cNUST